| 000 | 00716 a2200265 4500 | ||
|---|---|---|---|
| 001 | 78340 | ||
| 650 | 0 |
_aKemalizm _912479 |
|
| 999 |
_c78340 _d25502 |
||
| 003 | TR-AnTOB | ||
| 005 | 20220408001106.0 | ||
| 008 | 101031s1983 tu 000 0 | ||
| 040 | _aTOBB ETÜ | ||
| 041 | _atur | ||
| 050 | 0 |
_aDR592.K4 _bK38 1983 |
|
| 090 | _aDR592.K4 K38 1983 | ||
| 245 | 0 | 0 |
_aKemal Atatürk / _chaz. Ali İsa Taygan. |
| 264 | 1 |
_aAnkara,: _b[yayl.y], _c1983. |
|
| 300 |
_a415 s. ; _c28 cm. |
||
| 500 | _aAtatürk'ün doğmunun 100.yılı münasebetiyle basılmıştır. | ||
| 600 | 0 |
_aAtatürk, Mustafa Kemal _d1881-1938 _920781 |
|
| 700 | 1 |
_aTaygan, Ali İhsan _964334 |
|
| 902 | _a28693 | ||
| 903 | _aMerkez Kütüphane | ||
| 945 | _ago, BS | ||
| 942 | _cBK | ||